Stan zarzadzania i organizacji w przedsiebiorstwach jako czynnik ograniczania wplywu rozwiazan makroekonomicznych.

Makroekonomické ciele a podmienky činnosti podnikov. Podnik v procese prispôsobovania sa podmienkam trhového hospodárstva. Riadenie a organizácia v podniku ako faktor dosahovania makroekonomických cieľov.

Saved in:
Bibliographic Details
Main Author: Wesolowski, S.
Format: Book Chapter
Language:Polish
Subjects:
Tags: Add Tag
No Tags, Be the first to tag this record!

MARC

LEADER 00000naa a2200000 4500
001 r009281
005 20221125123023.6
041 0 |a pol 
044 |a PL 
245 1 0 |a Stan zarzadzania i organizacji w przedsiebiorstwach jako czynnik ograniczania wplywu rozwiazan makroekonomicznych.  |c S. Wesolowski 
520 |a Makroekonomické ciele a podmienky činnosti podnikov. Podnik v procese prispôsobovania sa podmienkam trhového hospodárstva. Riadenie a organizácia v podniku ako faktor dosahovania makroekonomických cieľov. 
610 2 0 |a riadenie podnikové 
610 2 0 |a hospodárstvo trhové 
610 2 0 |a makroekonomika 
610 2 0 |a organizácia podniku 
100 1 |a Wesolowski, S.